000 01450nam a2200325 i 4500
003 EG-GICUC
005 20260429195045.0
008 260419s1977 ua |||fr|||| 00| 0 Ara d
040 _a EG-GICUC
_bara
_c EG-GICUC
_d EG-GICUC
_erda
041 _aAra
082 0 4 _221
_a343.3
_bق ا
092 0 4 _221
099 _aLaw1 10 343.3 ق ا 1977
245 0 0 _aقانون الإجراءات الجنائية والتشريعات المكملة له.
264 3 _aالقاهرة :
_bدار الطباعة الحديثة،
_c1977.
300 _a240 ؛صفحة
_c24 سم.
336 _2rda content
_atext
337 _2rda media
_aComputer
338 _2rda carrier
_aOnline Resource
490 _aالمحاماة
500 _aيشتمل هذا الملحق على قانون الإجراءات الجنائية قانون الطوارئ وتعديلاته قرارات جمهورية ووزارية اجراءات الطعن بالنقض تشريعات أمن الدولة أوامر جمهورية وعسكرية
505 _aملحق العددين الثالث والرابع للسنة السابعة والخمسين
546 _aالنص باللغة العربية
650 1 _aقانون الإجراءات الجنائية
_2qrmak
650 1 _aالقانون الجنائى
_2qrmak
651 1 _2qrmak
856 4 0 _uhttps://fll.law.cu.edu.eg/fulltext/bks/B10-09902.pdf
905 _a54
942 _2ddc
_cBK
_e21
_n0
999 _c71717
_d71717